logo

Bir Sreshtho Munshi Abdur Rouf Library
Jhenaidah Cadet College

The new international Webster's pocket dictionary of the English language / (Record no. 9578)

MARC details
000 -LEADER
fixed length control field 00782cam a2200265 a 4500
001 - CONTROL NUMBER
JCCL Control Number 9578
003 - CONTROL NUMBER IDENTIFIER
JCCL marc code BD-JhCC
005 - DATE AND TIME OF LATEST TRANSACTION
control field 20180328165525.0
008 - FIXED-LENGTH DATA ELEMENTS--GENERAL INFORMATION
fixed length control field 180319s2001 ii d 000 0 eng
020 ## - INTERNATIONAL STANDARD BOOK NUMBER
International Standard Book Number 1888777486
035 ## - SYSTEM CONTROL NUMBER
system control number (BD-JhCC)9578
040 ## - CATALOGING SOURCE
Original cataloging agency DLC
Transcribing agency DLC
Modifying agency DLC
041 ## - LANGUAGE CODE
Language code of Book eng
050 00 - LIBRARY OF CONGRESS CALL NUMBER
Classification number PE1628
Item number .N42743 2001
082 00 - DEWEY DECIMAL CLASSIFICATION NUMBER
Classification number 423
DDC Edition number 21
Author mark and Year THE 2001
245 04 - TITLE STATEMENT
Title The new international Webster's pocket dictionary of the English language /
246 30 - VARYING FORM OF TITLE
Title proper/short title Webster's pocket dictionary of the English language
250 ## - EDITION STATEMENT
Edition statement New rev. ed.
260 ## - PUBLICATION, DISTRIBUTION, ETC. (IMPRINT)
Place of publication, distribution, etc [Naples, Fla.] :
Name of publisher, distributor, etc Trident Press International,
Date of publication, distribution, etc 2001.
300 ## - PHYSICAL DESCRIPTION
Pagination 668 p. ;
Dimensions 17 cm.
650 #0 - SUBJECT ADDED ENTRY--TOPICAL TERM
Topical term or geographic name as entry element English language
Form subdivision Dictionaries.
710 2# - ADDED ENTRY--CORPORATE NAME
Corporate name or jurisdiction name as entry element Trident Press International.
942 ## - ADDED ENTRY ELEMENTS (KOHA)
Source of classification or shelving scheme Dewey Decimal Classification
Koha item type Reference
Holdings
Source of classification or shelving scheme Damaged status Not for loan Home library Current library Shelving location Total Checkouts Full call number Barcode Date last seen Copy number Koha item type Date of accession
Dewey Decimal Classification     JCC Rouf Library JCC Rouf Library General Stacks   423 NEW 2001 12819 03/19/2018 C - 1 Reference  
Dewey Decimal Classification     JCC Rouf Library JCC Rouf Library General Stacks   423 NEW 2001 12818 03/19/2018 C - 2 Reference  
Dewey Decimal Classification     JCC Rouf Library JCC Rouf Library General Stacks   423 THE 2001 12955 03/28/2018 C - 3 Reference 03/28/2018

JCC Library | Contacts | JCC Home

Last Update on 23 September 2017
Copyright @ 2017-2020 JCC Rouf Library
Rouf Library, Jhenidah Cadet College (JCC), Bangladesh